[Event "Barcelona Tres Peons-C 45th"]
[Site "Barcelona"]
[Date "2016.04.15"]
[Round "1.2"]
[White "Pereda Villalba, Julian"]
[Black "Martinez Diaz, Arturo"]
[Result "0-1"]
[WhiteElo "1844"]
[BlackElo "1896"]
[PlyCount "65"]
[EventDate "2016.04.15"]
[EventType "swiss"]
[EventRounds "9"]
[EventCountry "ESP"]
[SourceTitle "EXT 2024"]
[Source "ChessBase"]
[SourceDate "2023.10.10"]
[SourceVersion "1"]
[SourceVersionDate "2023.10.10"]
[SourceQuality "1"]

1. d4 d5 2. c4 e6 3. Nc3 Nf6 4. Nf3 Be7 5. Bg5 Nbd7 6. e3 h6 7. Bh4 0-0 8. Bd3 dxc4 9. Bxc4 b6 10. Be2 Bb7 11. 0-0 Ne4 12. Bg3 Ndf6 13. h3 Nxc3 14. bxc3 Ne4 15. Qc2 Nxg3 16. fxg3 Qd6 17. g4 Qg3 18. e4 c5 19. Qd3 Rad8 20. Rad1 cxd4 21. cxd4 Bd6 22. Qe3 Bf4 23. Qf2 Qxf2+ 24. Kxf2 Bxe4 25. g3 Bd6 26. Nd2 Bd5 27. Bc4 Bc6 28. Be2 Bb4 29. Nc4 Ba4 30. Rb1 Bc3 31. Kg2 Bxd4 32. Nb2 Bc2 33. Rbc1 0-1